Fr. Conceicao Rodrigues College of Engineering

The working commodore C16 (Record no. 24896)

MARC details
000 -LEADER
fixed length control field 00337nam a2200157Ia 4500
082 ## - DEWEY DECIMAL CLASSIFICATION NUMBER
Classification number 1.6404
Item number LAW
100 ## - MAIN ENTRY--PERSONAL NAME
Personal name Lawrence/David
245 ## - TITLE STATEMENT
Title The working commodore C16
260 ## - PUBLICATION, DISTRIBUTION, ETC.
Name of publisher, distributor, etc. Sunshine Books
Place of publication, distribution, etc. London
Date of publication, distribution, etc. 1984
300 ## - PHYSICAL DESCRIPTION
Extent 214
546 ## - LANGUAGE NOTE
Language note ENGLISH
650 ## - SUBJECT ADDED ENTRY--TOPICAL TERM
Topical term or geographic name entry element General
654 ## - SUBJECT ADDED ENTRY--FACETED TOPICAL TERMS
Focus term commodore C16
942 ## - ADDED ENTRY ELEMENTS (KOHA)
Koha item type BOOK
Holdings
Withdrawn status Lost status Damaged status Not for loan Collection Home library Current library Shelving location Date acquired Total Checkouts Full call number Barcode Date last seen Price effective from Koha item type
        CRC Fr. Agnel's C.Rodrigues College of Engineering Fr. Agnel's C.Rodrigues College of Engineering   17/03/2023   1.6404 LAW 2133 17/03/2023 17/03/2023 BOOK